000 01460cam a22001814a 4500
005 20250605164349.0
008 250528s ||||||||||||||||||||||||d
035 _a24082
040 _aGR-AtMCL
_bgre
_dGR-AtMCL
_eAACR2
245 1 _aΠαρεμβάσεις του Δικτύου των Ευρωεπιμελητηρίων Υπέρ των Ελληνικών Επιμελητηρίων / Τοικοί Άρχοντες Όχι Μόνο για τα Σκουπίδια - Εκδήλωση στο Ε.Β.Ε.Α. Δίκτυο Επιχειρηματικών Αγγέλων
260 _bΕμπορικό Και Βιομηχανικό Επιμελητήριο Αθηνών,
_c2014
300 _a64
520 _aΣχετικά με τις Εξελίξεις στα Επιμελητήρια, Εκδήλωση: Δίκτυο Επιχειρηματικών Αγγέλων, Το Όραμα της Ενωμένης Ευρώπης και η Σημασία της 9ης Μαϊου, Τοπικοί Άρχοντες όχι Μόνο για τα Σκουπίδια, Εκλογές σε Διπλό Φόντο, Η Ε.Ε. Χρειάζεται Νέα Βιομηχανική Πολιτική, Εθνική Συμμαχία για την Ψηφιακή Οικονομία, Αλλαγές το Καλοκαίρι στην Εγχώρια Αγορά Ενέργειας.
700 1 _aΜίχαλος Κωνσταντίνος
_94319
942 _cCR
999 _c8981
_d8981